Chinese Cities- Sudden Death - Statistics

General Stats
  • This quiz has been taken 84 times
  • The average score is 12 of 16
Answers on the Grid
Answers color-coded by a green-red scale on the quiz's grid according to % correct below.
Beijing
Hong Kong
Guangzhou
Shanghai
Chongqing
Xi'an
Ürümqi
Chengdu
Changsha
Harbin
Shenzhen
Macau
Nanjing
Hefei
Wuhan
Tokyo
Kathmandu
Himarë
Taipei
Naha
Thimphu
Sariwon
Pyongyang
Daegu
Tainan
Yangon
Hanoi
Bangkok
Kuala Lumpur
Ulaanbaatar
Lhasa
Apia
 
Answer Stats
Answer % Correct
Beijing
84%
Chongqing
84%
Nanjing
77%
Shanghai
77%
Xi'an
77%
Chengdu
74%
Guangzhou
74%
Shenzhen
74%
Wuhan
74%
Hong Kong
71%
Harbin
68%
Hefei
68%
Macau
68%
Changsha
65%
Ürümqi
65%
Lhasa
55%
No matching quizzes found
Score Distribution
Percent of People with Each Score
Percentile by Number Answered
Your Score History
You have not taken this quiz